[Event "Aimchess US Rapid Prelims 2021"]
[Site "Chess24"]
[Date "2021.08.25"]
[Round "12.1"]
[White "Duda, Jan-Krzysztof"]
[Black "Hansen, Eric"]
[Result "1/2-1/2"]
[WhiteElo "2738"]
[BlackElo "2606"]
[Annotator "TA"]
[PlyCount "93"]
[EventDate "2021.08.28"]
[EventType "tourn"]
[EventCountry "NET"]
[Tiebreak "Direct encounter+Number of wins+Koya"]
[SourceTitle "playchess.com"]
[Source "ChessBase"]
[SourceQuality "1"]

{[%evp 20,93,16,0,24,21,27,21,18,0,0,0,0,0,36,33,37,0,0,0,0,0,0,0,0,0,0,0,0,0,
3,3,104,104,106,106,111,111,111,111,111,97,111,97,104,97,97,97,122,83,83,83,
138,83,83,83,83,83,90,0,0,0,0,0,0,0,0,0,0,0,0,0,0,0,0,0]} 1. d4 Nf6 2. c4 e6 3.
Nc3 Bb4 4. Qc2 O-O 5. a3 Bxc3+ 6. Qxc3 d6 7. Nf3 b6 8. g3 Bb7 9. Bg2 Nbd7 {
[%cal Bb8d7,Bd7c5,Bc5e4][%mdl 32]} 10. O-O c5 {is the legacy move (10...h6).}
11. Rd1 {has lost popularity (11.b4).} Qe7 {E32: Nimzo-Indian: Classical (4
Qc2): 4...0-0.} 12. b3 Rac8 13. Bb2 d5 14. dxc5 Nxc5 15. Ne5 {[#]} dxc4 $146 ({
Predecessor:} 15... Nfe4 16. Bxe4 Nxe4 17. Nc6 Qg5 18. Ne7+ Kh8 19. Qxg7+ Qxg7
20. Bxg7+ Kxg7 21. Nxc8 Rxc8 {0-1 (71) Holst,C (2225)-Efremov,R (2335)
Polanica Zdroj 1998}) 16. Bxb7 Qxb7 17. Nxc4 {Nd6 is the strong threat.} Rfd8
18. Nd6 Rxd6 {[%mdl 64] [#] Remove Defender, Decoy} 19. Rxd6 {Hoping for Rad1.}
Nce4 {[%mdl 64] Double Attack} 20. Qd3 {Threatens to win with Rd8+.} Nxd6 21.
Qxd6 $40 {[%mdl 128] White has some attack.} Qe4 22. Re1 h5 23. Bxf6 gxf6 $11 {
[%mdl 4096] Endgame KQR-KQR} 24. Qe7 Kg7 25. Qxa7 Ra8 (25... Qd4 $11 {remains
equal.}) 26. Qxb6 $16 Rxa3 27. Qc5 Rxb3 28. Qxh5 Qb4 29. Rd1 {And now Rd8
would win.} Qe4 30. h3 Rb2 31. Re1 Qb4 32. Kf1 (32. Ra1 {feels hotter.} Qd4 33.
e3 Qe4 34. Qd1 Qf5 35. Qf1) 32... Qe4 {[%cal Re4h1] [#]} 33. Qf3 f5 34. Qc3+
Kg8 {[%cal Re4h1]} 35. f3 Qb7 ({Better is} 35... Rc2) 36. Qf6 (36. Rd1 $142 {
White threatens Rd8+ and mate.} Rb1 37. Rxb1 Qxb1+ 38. Kg2) 36... Qb5 37. h4
Rc2 38. Qg5+ Kh7 39. g4 (39. Qe3 $16) 39... Qe5 $11 {The position is equal.}
40. Qh5+ Kg7 41. Qg5+ Kh7 42. gxf5 exf5 43. Qh5+ Kg7 44. Qg5+ Kh7 45. Qg2 Rc4
46. Qh3 Qf6 47. Kg2 {Weighted Error Value: White=0.08/Black=0.11} 1/2-1/2

[Event "Aimchess US Rapid Prelims 2021"]
[Site "Chess24"]
[Date "2021.08.25"]
[Round "12.2"]
[White "Vachier-Lagrave, Maxime"]
[Black "Naroditsky, Daniel"]
[Result "1-0"]
[WhiteElo "2751"]
[BlackElo "2623"]
[Annotator "TA"]
[PlyCount "147"]
[EventDate "2021.08.28"]
[EventType "tourn"]
[EventCountry "NET"]
[Tiebreak "Direct encounter+Number of wins+Koya"]
[SourceTitle "playchess.com"]
[Source "ChessBase"]
[SourceQuality "1"]

{[%evp 18,147,24,34,43,0,0,0,0,0,0,0,0,0,0,0,0,0,0,-17,0,-8,0,-270,0,0,6,0,0,0,
2,0,0,-34,25,0,0,0,0,0,34,31,41,39,29,29,37,32,26,35,51,47,49,36,99,104,220,
179,238,227,220,164,137,139,193,200,290,286,309,259,288,195,187,182,182,182,
255,273,243,187,187,175,195,213,213,193,213,213,334,333,359,358,370,377,1889,
1851,1694,1527,4760,5189,2938,2808,4586,7516,29980,29981,29978,29979,29976,
2239,29975,29976,29977,29976,29974,2091,3221,1492,29988,937,4708,4602,29980,
29981,29981,29982,29982,29983,29984,29985,29985,29986]} 1. Nf3 Nf6 2. c4 g6 3.
Nc3 Bg7 4. d4 O-O 5. e4 d6 6. Bg5 c5 7. d5 e6 8. Be2 exd5 9. exd5 h6 10. Be3
Bg4 {[#] E75: King's Indian: Averbakh Variation: 6...c5 7 d5 e6.} 11. Nd2 $146
({Predecessor:} 11. O-O Re8 12. Re1 a6 13. h3 Bxf3 14. Bxf3 Nbd7 15. Qd2 Kh7
16. Bf4 Ne5 17. Be2 Nfd7 18. Nd1 {1/2-1/2 (30) Pecorini,J (1609)-Neu,A (1778)
Belp 2015}) 11... Bxe2 12. Qxe2 ({But not} 12. Kxe2 Ng4 $17) 12... Re8 {
The position is equal.} 13. O-O Nbd7 14. Rae1 a6 15. a4 Qb6 16. b3 Qb4 17. Rc1
Re7 18. h3 Rae8 19. Qd3 Nh5 20. Nce4 $2 {[%mdl 8192]} (20. Ne2 $1 $11) 20...
Qb6 $2 (20... f5 $1 $19 21. f3 (21. Nxd6 $2 Rxe3 22. fxe3 Rxe3 $19) 21... fxe4
22. Nxe4 Qb6) 21. g4 $1 $11 {[%cal Rg4h5]} Nhf6 22. Ng3 Ne5 23. Qc2 Qd8 24. Bf4
Qd7 25. Kg2 b5 (25... h5 $15 26. g5 Nh7) 26. axb5 axb5 27. Ra1 bxc4 28. bxc4 h5
29. g5 {[%cal Rg5f6]} Nh7 30. Ra6 $1 $36 {[%mdl 2048] White fights for an
advantage.} h4 $1 {[%cal Rh4g3]} 31. Nge4 Qf5 32. Nf6+ $1 Nxf6 33. Qxf5 gxf5
34. gxf6 Bxf6 35. Rxd6 Bg7 (35... Nd3 $14 36. Rxf6 Nxf4+ 37. Kh2 Re2 38. Rxf5
Nd3) 36. Bxe5 $16 Rxe5 (36... Bxe5 $16 37. Rc6 Rc7) 37. Rc6 $1 $18 Bf8 (37...
Re2 {is a better defense.}) 38. Rd1 Re2 39. d6 {Threatens to win with d7.} Rd8
40. Nf3 Re6 (40... Re4 $16 {was worth a try.}) 41. Nxh4 Rf6 (41... Rdxd6 $142
42. Rcxd6 Bxd6 43. Nxf5 Bf8) 42. Rxc5 Rfxd6 43. Rxd6 Rxd6 44. Rxf5 {[%mdl 4096]
Endgame KRB-KRN} Rd2 45. Nf3 Rc2 46. Ne5 Bg7 (46... f6 $142) 47. Nxf7 Rxc4 48.
Ng5 Bh6 49. Nf3 Rc2 50. Ne5 Bg7 51. Ng4 Kh7 52. h4 Bd4 (52... Rc3 {might work
better.} 53. h5 Kh8) 53. h5 Rc7 54. Kg3 Bg7 55. Kh4 Rc6 $2 (55... Bc3 56. Kg3
Be1) 56. f4 Rc7 57. Rd5 Rf7 58. f5 Bh8 59. h6 Bb2 60. Kg5 Bc1+ 61. Kh5 Bb2 62.
f6 Bc3 63. Rf5 (63. Kg5 $142 Ra7 64. Ne5 Bb2 65. Nd7 Bc1+ 66. Kh5 Bxh6 {[#]}
67. Re5 $1 Bf8 68. Nxf8+ Kg8 69. Re7 $1) 63... Bb2 64. Rf1 Bc3 65. Rf2 Bd4 66.
Re2 (66. Rf4 $142 Bb2 67. Rb4 Bc1 68. Ne5 Ra7 69. Rb8 Bxh6 70. Re8 Ra2 71. Re7+
Kg8 72. Kxh6) 66... Bc5 67. Re6 (67. Rd2 $142 Bf8 68. Kg5) 67... Bf8 68. Kg5 (
68. Ne5 $142 Ra7 69. Nf3 Kh8 70. Ng5 Ra2 71. Re8 Rh2+ 72. Kg4 Rg2+ 73. Kf5)
68... Rb7 69. f7 Rxf7 70. Nf6+ {White mates.} Rxf6 71. Kxf6 ({Inferior is} 71.
Rxf6 Be7 $11) 71... Bxh6 72. Kf7 Bf4 73. Re4 Bg5 74. Re1 {Weighted Error Value:
White=0.14/Black=0.46} 1-0

[Event "Aimchess US Rapid Prelims 2021"]
[Site "Chess24"]
[Date "2021.08.25"]
[Round "12.3"]
[White "Dominguez Perez, Leinier"]
[Black "Firouzja, Alireza"]
[Result "0-1"]
[WhiteElo "2758"]
[BlackElo "2759"]
[Annotator "TA"]
[PlyCount "106"]
[EventDate "2021.08.28"]
[EventType "tourn"]
[EventCountry "NET"]
[Tiebreak "Direct encounter+Number of wins+Koya"]
[SourceTitle "playchess.com"]
[Source "ChessBase"]
[SourceQuality "1"]

{[%evp 11,106,11,18,15,34,20,20,10,25,13,25,15,15,18,12,9,14,13,24,13,12,14,20,
4,14,10,3,11,31,20,26,24,28,0,0,0,0,-27,0,0,16,0,0,0,38,-99,-102,-100,-111,
-104,-103,-105,-76,-81,-9,-29,-30,-22,-37,-48,-26,-20,0,0,0,0,0,-20,0,0,0,-74,
-75,-80,0,0,0,0,22,0,0,-234,-234,-227,-227,-620,-604,-586,-572,-841,-762,
-29987,-29988,-29988,-29989,-29989,-29990]} 1. e4 e5 2. Nf3 Nc6 3. Bc4 Nf6 4.
d3 Bc5 5. c3 d6 6. O-O a6 7. a4 {C54: Giuoco Piano: 4 c3 Nf6, main lines with
5 d4 and 5 d3.} Ba7 8. Re1 O-O 9. h3 {The position is equal.} h6 10. Nbd2 {
[%cal Bb1d2,Bd2f1,Bf1e3,Be3f5][%mdl 32]} Re8 11. b4 {11.b4 is better than 11.
Nf1.} Be6 12. Bxe6 Rxe6 13. Qc2 Qd7 14. Nf1 d5 15. Be3 Bxe3 16. Nxe3 Ne7 17.
Rab1 {[#]} Ng6 $146 ({Predecessor:} 17... Rd8 18. a5 Ng6 19. c4 c6 20. Red1 Nf4
21. Nf5 g6 22. Nxh6+ Kg7 23. Ng4 Nxg4 24. hxg4 {0-1 (43) Esipenko,A (2716)
-Carlsen,M (2847) Krasnaya Polyana 2021}) 18. c4 {[%cal Rc4d5]} d4 19. Nf5 Rae8
20. c5 Ne7 21. Ng3 b5 22. cxb6 cxb6 23. b5 Rc8 24. Qa2 a5 25. Rbc1 Qd8 26. Nf5
Ng6 27. h4 Kh7 28. Rc6 (28. g3 $1 $14 {keeps the upper hand.}) 28... Rcxc6 $17
29. bxc6 Qc7 $1 30. Rc1 Nf4 $1 {[%cal Rf4d3]} 31. Qd2 Re8 32. Rb1 Ne6 (32...
Ng4 $17 33. Rc1 g6) 33. Qb2 $11 Rb8 34. Qb5 Nc5 35. Nd2 g6 36. Ng3 Ne8 {
Threatens to win with ...Nd6.} 37. Nc4 {[%cal Rc4b6]} Nd6 38. Nxd6 Qxd6 39. Nf1
Rc8 40. Qxb6 Rxc6 ({Much weaker is} 40... Qxc6 $6 41. Qxc6 Rxc6 42. Rc1 $16)
41. Qxa5 (41. Qb5 $11 {remains equal.}) 41... Nxd3 $17 42. Qb5 {[#]} Nf4 (42...
Nc1 $1 $17 {And now ...Rc2 would win.} 43. Qb2 Qc7) 43. g3 $11 Ne6 44. Nd2 d3
45. Nc4 Qc7 $36 {[%mdl 2048] White is under pressure.} 46. Ne3 $2 (46. Nd2 $1
$11 {and White has nothing to worry.}) 46... d2 $19 47. Rd1 Rc1 {aiming for ...
Rxd1+.} 48. Kg2 $2 {[#]} (48. Qd5 Rxd1+ 49. Nxd1) 48... Rxd1 $1 {[%mdl 64]
Overworked Piece} 49. Nxd1 Qc2 {[%csl LRd1,LRe4][%mdl 64] Double Attack} 50.
Qe2 {If White can now play Ne3 this consolidates a bit.} Nd4 51. Qg4 h5 {
Black mates.} 52. Qd7 Qxe4+ ({Stronger than} 52... Qxd1 53. Qxf7+ Kh8 54. Qf8+
Kh7 55. Qf7+ Kh8 56. Qf8+ Kh7 57. Qf7+ $11) 53. Kg1 Kg7 {Weighted Error Value:
White=0.48/Black=0.09} 0-1

[Event "Aimchess US Rapid Prelims 2021"]
[Site "Chess24"]
[Date "2021.08.25"]
[Round "12.4"]
[White "Mamedyarov, Shakhriyar"]
[Black "Le, Quang Liem"]
[Result "0-1"]
[WhiteElo "2782"]
[BlackElo "2709"]
[Annotator "TA"]
[PlyCount "62"]
[EventDate "2021.08.28"]
[EventType "tourn"]
[EventCountry "NET"]
[Tiebreak "Direct encounter+Number of wins+Koya"]
[SourceTitle "playchess.com"]
[Source "ChessBase"]
[SourceQuality "1"]

{[%evp 11,62,0,0,-6,3,0,16,20,29,0,0,0,0,-93,-90,-56,-88,-120,-124,-127,-118,
-331,-313,-302,-267,-498,-323,-349,-310,-361,-354,-364,-341,-620,-602,-604,
-596,-881,-892,-942,-934,-913,-878,-991,-1004,-987,-993,-984,-953,-943,-913,
-2246,-2129]} 1. d4 Nf6 2. c4 e6 3. Nc3 Bb4 4. Qc2 d5 5. cxd5 (5. a3 Bxc3+ 6.
Qxc3 O-O 7. Bg5 h6 8. Bxf6 Qxf6 9. Nf3 c6 10. h4 Nd7 11. g4 Qe7 12. g5 h5 13.
e3 g6 14. Be2 dxc4 15. Bxc4 b6 16. Bd3 Bb7 17. Be4 Rac8 18. Qc2 {1-0 (40)
Mamedyarov,S (2764)-Le,Q (2709) chess24.com INT 2020}) 5... exd5 6. Nf3 O-O 7.
Bg5 {E32: Nimzo-Indian: Classical (4 Qc2): 4...0-0.} h6 8. Bh4 g5 9. Bg3 {
The position is equal.} Ne4 10. Nd2 Bf5 11. Ndxe4 Bxe4 {[#]} 12. Qd2 $146 {[#]}
(12. Qb3 $11 Nc6 13. e3) ({Predecessor:} 12. Qb3 c5 13. a3 Nc6 14. axb4 Nxd4
15. Qd1 Nc2+ 16. Kd2 Nxa1 17. Qxa1 cxb4 18. Nb5 {1-0 (36) Vakhidov,J (2396)
-Dimakiling,O (2447) Bandar Seri Begawan 2012}) 12... c5 $1 $36 {[%cal Rc5d4]
[%mdl 2048] Hoping for ...cxd4. Black is really pushing.} 13. a3 Ba5 {
Threatens to win with ...cxd4.} 14. e3 cxd4 15. exd4 {[#]} Re8 $1 16. O-O-O $2
{Now White is beyond hope.} (16. Be2 $17 {was necessary.}) 16... Nc6 {[%cal
Bb8c6,Bc6a5,Ba5c4][%mdl 32]} 17. f3 Bg6 18. Re1 $2 (18. Bd3 Nxd4 19. Kb1) 18...
Bxc3 19. bxc3 Na5 {aiming for ...Nb3+.} 20. Qb2 Rxe1+ 21. Bxe1 Rc8 {[%cal
Ba8c8,Bc8c6,Bc6e6][%mdl 32]} 22. Qb4 $2 (22. Bg3) 22... Rc6 $19 {Black is
clearly winning.} 23. Bb5 Re6 24. c4 Nxc4 25. Bc3 a5 26. Qb3 Qc7 {White must
now prevent ...Re2.} 27. Bxc4 dxc4 28. Qb5 Rb6 29. Qe8+ Kh7 30. Re1 Qf4+ 31.
Qe3 Qf5 {[%csl Gg6][%cal Rf5c2] Weighted Error Value: White=0.88/Black=0.09}
0-1

[Event "Aimchess US Rapid Prelims 2021"]
[Site "Chess24"]
[Date "2021.08.25"]
[Round "12.5"]
[White "Artemiev, Vladislav"]
[Black "Vidit, Santosh Gujrathi"]
[Result "1/2-1/2"]
[WhiteElo "2704"]
[BlackElo "2726"]
[Annotator "TA"]
[PlyCount "83"]
[EventDate "2021.08.28"]
[EventType "tourn"]
[EventCountry "NET"]
[Tiebreak "Direct encounter+Number of wins+Koya"]
[SourceTitle "playchess.com"]
[Source "ChessBase"]
[SourceQuality "1"]

{[%evp 9,83,0,0,-5,8,3,19,0,0,0,0,0,0,-39,-30,-31,0,-12,68,78,77,77,85,0,8,-18,
-14,-13,0,0,0,0,0,0,0,0,0,0,17,8,8,0,0,0,0,0,0,0,0,0,0,0,0,0,0,0,0,0,0,0,0,0,0,
0,0,0,0,0,0,0,0,0,0,0,0,0]} 1. Nf3 Nf6 2. c4 c5 3. b3 Nc6 4. Bb2 d5 5. cxd5
Nxd5 6. Nc3 {A30: Symmetrical English: Double Fianchetto and Hedgehog.} e5 7.
e3 Nxc3 8. Bxc3 Bd6 9. Qc2 Qe7 10. Bd3 {[#]} h6 $146 ({Predecessor:} 10... Bd7
11. Be4 g6 12. O-O f5 13. Bd5 O-O-O 14. d4 cxd4 15. exd4 e4 16. Ne5 Kb8 17.
Bxc6 Bxc6 18. Nxc6+ bxc6 {1/2-1/2 (42) Kramnik,V (2753)-Gelfand,B (2676) Chess.
com INT 2020}) 11. h4 Bd7 12. h5 Nd4 13. exd4 exd4+ ({Better is} 13... cxd4 $11
14. Bb2 e4 15. Bxe4 Rc8) 14. Kf1 $14 {aiming for Re1.} dxc3 15. Re1 {[%mdl 64]
[#] Zwischenzug} Be6 16. Qxc3 (16. Bb5+ $16 Kf8 17. dxc3) 16... O-O $11 {
The position is equal.} 17. Rh4 Qd7 18. Bc4 Rae8 19. Rhe4 Bxc4+ 20. Qxc4 Rxe4
21. Qxe4 Rd8 22. g4 b5 23. Kg2 Rc8 24. d3 Be7 25. Ne5 Qe6 26. Ng6 Qxe4+ 27.
Rxe4 fxg6 28. Rxe7 gxh5 29. gxh5 {[%mdl 4096] Endgame KR-KR} c4 30. dxc4 bxc4
31. bxc4 ({Don't blunder} 31. Rxa7 $2 c3 $19) 31... Rxc4 32. Rxa7 Rc5 33. a4
Rxh5 34. Rb7 Ra5 35. Rb4 Kf7 36. Kg3 g5 37. Kg4 Kg6 38. Rb6+ Kg7 39. Rb7+ Kg6
40. Rb6+ Kg7 41. Rb7+ Kg6 42. Rb6+ {Weighted Error Value: White=0.07/Black=0.05
} 1/2-1/2

[Event "Aimchess US Rapid Prelims 2021"]
[Site "Chess24"]
[Date "2021.08.25"]
[Round "12.6"]
[White "Giri, Anish"]
[Black "So, Wesley"]
[Result "1/2-1/2"]
[WhiteElo "2776"]
[BlackElo "2772"]
[Annotator "TA"]
[PlyCount "129"]
[EventDate "2021.08.28"]
[EventType "tourn"]
[EventCountry "NET"]
[Tiebreak "Direct encounter+Number of wins+Koya"]
[SourceTitle "playchess.com"]
[Source "ChessBase"]
[SourceQuality "1"]

{[%evp 21,128,16,26,18,14,13,17,0,6,26,39,44,43,7,4,5,3,4,6,5,5,-52,0,0,5,5,5,
5,5,5,12,5,3,0,14,16,13,20,18,15,13,8,6,5,2,0,0,0,0,0,1,1,1,0,49,49,49,49,49,
49,49,49,93,93,93,89,89,89,89,89,89,89,89,89,133,89,133,133,133,133,133,133,
133,87,87,87,87,87,87,8,136,136,136,136,136,136,226,226,226,8,8,8,8,8,8,8,8,8,
8]} 1. d4 Nf6 2. c4 e6 3. Nf3 d5 4. Nc3 Be7 5. g3 O-O 6. Bg2 dxc4 7. Ne5 Nc6 8.
Bxc6 bxc6 9. Nxc6 Qe8 10. Nxe7+ Qxe7 11. Qa4 c5 12. dxc5 $1 {The main line 12.
dxc5 scores better than 12.Qxc4. E06: Closed Catalan: Early deviations.} Qxc5
13. Be3 Qc7 14. Rd1 e5 15. f3 {[#]} Be6 $146 ({Predecessor:} 15... Qb7 16. Qxc4
Qxb2 17. Na4 Qb7 18. Nc5 Qc6 19. Rc1 Rb8 20. O-O Rb2 21. Rfd1 Bh3 {1-0 (35)
Delorme,A (2517)-Thejkumar,M (2458) Vandoeuvre 2016}) 16. O-O Qb7 17. Qb5 Qxb5
18. Nxb5 Rab8 19. Nc3 Rxb2 20. Bxa7 Ra8 {...Rc2 is the strong threat.} 21. Be3
(21. Bc5 $11) 21... h5 (21... Rc2 $15 22. Rc1 {[#]} Rxc3 $1 {[%mdl 512]} 23.
Rxc3 Nd5) 22. Rd2 $11 Rxd2 (22... Rbb8 {with more complications.} 23. Rc1 Ra5
24. Rcd1 Ra3 25. Rc1 Ra5) 23. Bxd2 Nd5 24. Ra1 Nxc3 25. Bxc3 {[%mdl 4096]
Endgame KRB-KRB} Ra3 26. Bb2 Ra5 27. Bc3 Ra3 28. Bb4 Ra4 29. a3 f6 30. Kf2 g5
31. Rd1 Kf7 32. Rd6 Ra8 33. Rc6 Rc8 34. Rxc8 Bxc8 {KB-KB} 35. Ke3 g4 36. f4 Ke6
37. a4 c3 38. Bxc3 Bd7 39. a5 Bb5 40. fxe5 fxe5 41. Ke4 Bxe2 42. Bxe5 Kd7 43.
Kf4 Kc6 44. Kg5 Kb7 45. Kxh5 Ka8 46. Bd4 Kb7 47. Bb6 Ka8 48. Kh4 Bd1 49. a6 {
[%cal Ba5a6,Ba6a7][%mdl 32]} Be2 50. a7 Bd1 51. Bf2 Be2 52. h3 gxh3 53. Kxh3
Bd1 54. Kh4 Be2 55. g4 ({Better is} 55. Kg5 $16) 55... Bd3 (55... Bxg4 $11 56.
Kxg4 Kb7) 56. g5 $16 Bc2 57. Kh5 Bd1+ 58. Kh6 Bb3 (58... Bc2 $16 {was worth a
try.}) 59. g6 $18 Bc2 60. Kg5 {[#]} (60. g7 $18 Bb3 61. Kh7) 60... Bxg6 $1 $11
{The position is equal.} 61. Kxg6 Kb7 62. Kf5 Ka8 63. Ke6 Kb7 64. Kd5 Ka8 65.
Kc6 {Weighted Error Value: White=0.17/Black=0.12} 1/2-1/2

[Event "Aimchess US Rapid Prelims 2021"]
[Site "Chess24"]
[Date "2021.08.25"]
[Round "12.7"]
[White "Liang, Awonder"]
[Black "Carlsen, Magnus"]
[Result "0-1"]
[WhiteElo "2587"]
[BlackElo "2847"]
[Annotator "TA"]
[PlyCount "78"]
[EventDate "2021.08.28"]
[EventType "tourn"]
[EventCountry "NET"]
[Tiebreak "Direct encounter+Number of wins+Koya"]
[SourceTitle "playchess.com"]
[Source "ChessBase"]
[SourceQuality "1"]

{[%evp 16,78,29,0,0,0,0,0,0,0,0,0,0,0,0,9,3,13,13,11,8,10,12,14,14,9,8,1,9,6,7,
0,0,0,64,-24,-12,-16,-16,-20,-19,-19,-18,-32,-29,-38,-40,-57,-57,-53,-45,-43,
-39,-44,28,30,91,88,92,0,-1,-499,-444,-426,-465]} 1. e4 c5 2. Nf3 e6 3. d4 cxd4
4. Nxd4 Nc6 5. Nc3 a6 6. Nxc6 bxc6 7. Bd3 d5 8. O-O Nf6 9. e5 Nd7 {B46:
Sicilian: Taimanov: 5 Nc3 a6.} 10. Re1 c5 $5 {[%cal Bc6c5,Bc5c4][%mdl 4]
Exploring less charted territory.} 11. Na4 c4 {The position is equal.} 12. Bf1
{[#]} Bb7 $146 ({Predecessor:} 12... Nc5 13. Nc3 Rb8 14. b3 Qa5 15. Bd2 d4 16.
Ne4 c3 17. Bf4 Nxe4 18. Rxe4 Bc5 {1/2-1/2 (44) Hokkanen,P (2248)-Haapasalo,J 
(2148) Finland 2002}) 13. b3 Bc6 14. Nc3 Bb4 15. Bd2 O-O 16. bxc4 dxc4 17. Ne4
Bxd2 18. Nxd2 c3 19. Nc4 Bb5 20. Qd4 Bxc4 21. Qxc4 Qa5 22. Qd4 Rfd8 23. Re3
Rac8 24. a3 Rc5 (24... Nb6 $11 25. Qh4 h6) 25. Qb4 (25. Rd3 $1 $14) 25... Nxe5
$11 26. Qxa5 Rxa5 27. Rxc3 g5 28. g3 Rd2 29. h3 Kg7 30. Rb1 h5 31. Rb6 g4 32.
hxg4 hxg4 {[#] ...Nf3+ is the strong threat.} 33. Kg2 Nf3 $36 {[%mdl 2048]
Black has the initiative.} 34. Rc4 Nd4 (34... Ne1+ $15 35. Kg1 Rg5) 35. Bd3 e5
(35... Rd5 $11) 36. Rb7 $16 {Threatens to win with Rcc7!} Rb5 {[#]} ({Not} 
36... Rxa3 $2 37. Rcc7 $18) 37. Ra7 (37. Re7 $1 $16 {And now Rcc7! would win.}
Nf3 38. Rxg4+ Kf8 39. Kxf3 (39. Bxb5 Kxe7 40. Bxa6 Ne1+ 41. Kf1 Nxc2 $14) 39...
Kxe7 40. Ke3) 37... Rb6 $1 $11 {[%cal Rb6f6] White must now prevent ...Rf6.}
38. Rxd4 $4 {[%mdl 8192]} exd4 $19 39. Rd7 Rf6 {Weighted Error Value: White=0.
25/Black=0.11} 0-1

[Event "Aimchess US Rapid Prelims 2021"]
[Site "Chess24"]
[Date "2021.08.25"]
[Round "12.8"]
[White "Aronian, Levon"]
[Black "Van Foreest, Jorden"]
[Result "1-0"]
[WhiteElo "2782"]
[BlackElo "2698"]
[Annotator "TA"]
[PlyCount "81"]
[EventDate "2021.08.28"]
[EventType "tourn"]
[EventCountry "NET"]
[Tiebreak "Direct encounter+Number of wins+Koya"]
[SourceTitle "playchess.com"]
[Source "ChessBase"]
[SourceQuality "1"]

{[%evp 20,81,20,5,12,19,53,69,57,66,58,58,101,85,94,89,97,93,85,87,163,74,64,
50,131,107,74,38,150,150,128,127,126,118,151,172,152,66,233,225,343,291,372,
370,343,340,466,429,493,481,465,432,388,375,656,652,647,634,1172,1172,29967,
29965,29967,-5]} 1. e4 c5 2. Nf3 d6 3. d4 cxd4 4. Nxd4 Nf6 5. Nc3 a6 6. Be3 e5
7. Nb3 Be7 8. f3 Be6 9. Qd2 h5 10. O-O-O Nbd7 11. Kb1 b5 {B90: Sicilian
Najdorf: Unusual White 6th moves, 6 Be3 Ng4 and 6 Be3 e5.} 12. Nd5 {12.Nd5 has
become a bit dusty these days.} Nxd5 13. exd5 Bf5 {White is slightly better.}
14. Na5 Qc7 15. Nc6 Bf6 16. Bd3 Bxd3 {[#]} 17. cxd3 $146 ({Predecessor:} 17.
Qxd3 Rc8 18. h4 Nb8 19. Nxb8 Rxb8 20. Bg5 Qd8 21. f4 Bxg5 22. hxg5 Kf8 23. fxe5
dxe5 24. Qf5 Rb6 25. Rhf1 Qe8 26. d6 Rb8 27. d7 {1-0 (27) Rotstein,A (2528)
-Ries,B (2049) Bad Wiessee 2005}) 17... Nb6 18. Bxb6 Qxb6 19. Rc1 a5 (19... O-O
$16 {might work better.}) 20. Rhe1 (20. g4 $1 $18 {has better winning chances.}
) 20... O-O $16 21. g4 hxg4 (21... b4 $14) 22. fxg4 Bh4 23. Re4 {Strongly
threatening g5.} Rae8 ({Black should try} 23... Qf2 $14 24. Qxf2 Bxf2) 24. g5 (
{Don't play} 24. Nxa5 Bg5 $14) 24... Qf2 {[#]} 25. Qxf2 Bxf2 26. Nxa5 f5 27.
gxf6 $1 Rxf6 28. Nc6 (28. Rb4 $16) 28... Rh6 $2 {A mistake that costs the game.
} ({Black should play} 28... Ref8 $14) 29. d4 $18 Rxh2 (29... Rf8 $142) 30.
dxe5 Bc5 31. b4 Bb6 32. e6 Rd2 33. e7 Bf2 34. Rc2 Rd1+ 35. Kb2 Bg3 36. Rc3 Bh2
(36... Re1 37. Rxe1 (37. Rxg3 Rxe4 38. a4 bxa4 $16) 37... Bxe1) 37. Rh3 Rd2+
38. Kb3 Kf7 {Black hopes to continue with ...Be5.} 39. Rf3+ Kg8 40. Rh4 Be5 41.
Rf8+ $2 {[%mdl 32768] Weighted Error Value: White=0.09/Black=0.74. Loss on
time!?} (41. Nxe5 {mates} dxe5 {[#]} 42. Rh8+ $3 {[%mdl 576] Deflection, Decoy,
Promotion} Kxh8 43. Rf8+ Rxf8 44. exf8=Q+ Kh7 45. Qf5+ {[%mdl 64] Double Attack
} g6 46. Qxe5 Rd3+ 47. Kc2) 1-0